| 000 | 01128cab a2200205 4500 | ||
|---|---|---|---|
| 001 | L129300 | ||
| 008 | 050408n2005 000 0 eng u | ||
| 035 | _a(Sirsi) u129300 | ||
| 041 | _aeng | ||
| 100 | _aDodsworth, Catriona | ||
| 245 | _aDo you have a duty to warn? | ||
| 260 | _c2005 | ||
| 490 |
_aConstruction News _v(6909) 24 March 2005, 15(1) |
||
| 520 | _aDiscusses the issues involving the duty to warn with regard to English law. Notes that there is no general duty to warn but this does not mean that it cannot be found to exist in certain circumstances. This could apply to the recent disclosure that a Larfarge cement works had been supplying substandard cement for projects in southern England as liability can apply to a contractor or subcontractor who fails to warn of a defect which subsequently caused personal injury or damage to property. | ||
| 590 | _aIKA150405 | ||
| 650 | _aPLANT CONSTRUCTION PLC V CLIVE ADAM ASSOCIATES AND ANOTHER | ||
| 650 | _aSTAG LINE V TYNE SHIP REPAIR GROUP AND ANOTHER | ||
| 690 | _aBUILT ENVIRONMENT-CONSTRUCTION MANAGEMENT-BUILDING CONTRACT ADMINISTRATION | ||
| 942 | _n0 | ||
| 999 |
_c75052 _d75052 |
||